[Event "Pfaeffikon Acrevis op 2nd"]
[Site "Pfaeffikon"]
[Date "2022.07.29"]
[Round "2"]
[White "Jud, Marc"]
[Black "Panda, Gyorgy"]
[Result "1-0"]
[WhiteElo "1816"]
[BlackElo "1603"]
[PlyCount "113"]
[EventDate "2022.07.28"]
[EventType "swiss"]
[EventRounds "6"]
[EventCountry "SUI"]
[SourceTitle "EXT 2023"]
[Source "ChessBase"]
[SourceDate "2022.10.05"]
[SourceVersion "1"]
[SourceVersionDate "2022.10.05"]
[SourceQuality "1"]

1. e4 c5 2. Nf3 e6 3. c4 a6 4. Nc3 Qc7 5. a3 d6 6. d4 cxd4 7. Nxd4 Nf6 8. Be3 Nc6 9. Nxc6 bxc6 10. Be2 Be7 11. 0-0 0-0 12. f3 a5 13. Qe1 Rb8 14. Rb1 Rd8 15. Qf2 Bd7 16. Na4 c5 17. Nc3 Bc6 18. Rfc1 Nd7 19. a4 Bf6 20. Nb5 Bxb5 21. axb5 Nb6 22. Kh1 Na4 23. Bd1 Nxb2 24. Rxb2 Bxb2 25. Qxb2 f5 26. Bc2 fxe4 27. Bxe4 Re8 28. Qb3 Kh8 29. g3 Qd7 30. Rd1 d5 31. cxd5 exd5 32. Rxd5 Qxb5 33. Qd1 a4 34. Bxc5 Qb3 35. Rd3 Qxd1+ 36. Rxd1 Rec8 37. Be7 Rc7 38. Bg5 Rc3 39. Bf4 Rbc8 40. Kg2 a3 41. Be5 R3c5 42. f4 a2 43. Ra1 Ra5 44. Rd1 h6 45. Ra1 Re8 46. Kf3 Kg8 47. Rxa2 Rxa2 48. Bd5+ Kh7 49. Bxa2 g5 50. Bb1+ Kg8 51. Kg4 gxf4 52. gxf4 Rd8 53. h4 Rd1 54. Be4 Re1 55. Bf5 Rc1 56. Kh5 Rc6 57. Bg6 1-0

[Event "Szolnok op"]
[Site "Szolnok"]
[Date "2022.06.16"]
[Round "2"]
[White "Panda, Gyorgy"]
[Black "Szaloki, Arpad"]
[Result "0-1"]
[WhiteElo "1638"]
[BlackElo "1906"]
[PlyCount "62"]
[EventDate "2022.06.16"]
[EventType "swiss"]
[EventRounds "7"]
[EventCountry "HUN"]
[SourceTitle "CBM 209 Extra"]
[Source "ChessBase"]
[SourceDate "2022.09.30"]
[SourceVersion "1"]
[SourceVersionDate "2022.09.30"]
[SourceQuality "1"]

1. d4 d5 2. c4 c6 3. Nf3 Nf6 4. Nc3 e6 5. e3 Nbd7 6. Bd3 dxc4 7. Bxc4 b5 8. Bd3 Bb7 9. e4 b4 10. Ne2 Be7 11. 0-0 0-0 12. h3 c5 13. Ng3 cxd4 14. Nxd4 Nc5 15. Bc2 Ncxe4 16. Nxe4 Bxe4 17. Bxe4 Nxe4 18. Nc6 Qd6 19. Qc2 Nf6 20. Rd1 Qc5 21. Nxe7+ Qxe7 22. Bg5 h6 23. Bh4 Rac8 24. Qa4 Rc4 25. Bg3 Nd5 26. Qa6 Rfc8 27. Re1 Rc2 28. Rad1 Qc5 29. Re2 Rxe2 30. Qxe2 Qa5 31. Ra1 Qa4 0-1